Every Class 1 Michigan Senator - Statistics

General Stats
  • This quiz has been taken 24 times
    10 since last reset
  • The average score is 4 of 22
Answer Stats
Picture Hint Answer % Correct
D(2025-) Elissa Slotkin
100%
D(2001-2025) Debbie Stabenow
67%
D(1976-1995) Donald W. Riegle Jr.
67%
R(1995-2001) Spencer Abraham
67%
R(1928-1952) Arthur H. Vandenberg
33%
D(1849-1857) Lewis Cass
33%
D(1845-1848) Lewis Cass
33%
D(1959-1976) Philip A. Hart
33%
W(1840-1845) Augustus S. Porter
0%
R(1952-1959) Charles E. Potter
0%
R(1911-1923) Charles E. Townsend
0%
R(1887-1894) Francis B. Stockbridge
0%
R(1879-1881) Henry P. Baldwin
0%
R(1875-1879) Isaac P. Christiancy
0%
R(1894-1895) John Patton Jr.
0%
R(1895-1911) Julius C. Burrows
0%
D(1837-1840) Lucius Lyon
0%
R(1881-1887) Omar D. Conger
0%
D(1848-1849) Thomas Fitzgerald
0%
D(1923-1928) Woodbridge N. Ferris
0%
R(1879-1879) Zachariah Chandler
0%
R(1857-1875) Zachariah Chandler
0%
No matching quizzes found
Score Distribution
Percent of People with Each Score
Percentile by Number Answered
Your Score History
You have not taken this quiz since the last reset